000 00370nam a22001457a 4500
020 _a9780135711910
040 _cNust
082 _a510
_bJOH'D
100 _aRichard JohnsonBaugh
_9126515
245 _aDiscrete mathematics
250 _a4th Edition
260 _aNew Jersey:
_bPrentice Hall,
_c1997.
650 _aDiscrete mathematics
_959101
942 _2ddc
_cBK
999 _c612182
_d612182